The sunshine of the orphanage, (Record no. 18219)

MARC details
000 -LEADER
fixed length control field 00601cam a22002051 4500
001 - CONTROL NUMBER
control field ca 36001203
003 - CONTROL NUMBER IDENTIFIER
control field DLC
005 - DATE AND TIME OF LATEST TRANSACTION
control field 20260227111142.0
008 - FIXED-LENGTH DATA ELEMENTS--GENERAL INFORMATION
fixed length control field 770601s1934 xx 000 0 eng
010 ## - LIBRARY OF CONGRESS CONTROL NUMBER
LC control number ca 36001203
035 ## - SYSTEM CONTROL NUMBER
System control number (OCoLC)3007758
040 ## - CATALOGING SOURCE
Original cataloging agency DLC
Transcribing agency TxU
Modifying agency DLC
042 ## - AUTHENTICATION CODE
Authentication code premarc
050 00 - LIBRARY OF CONGRESS CALL NUMBER
Classification number PN6120.C5
Item number K37
100 1# - MAIN ENTRY--PERSONAL NAME
Personal name Kelsey, Ruth Wilson.
245 14 - TITLE STATEMENT
Title The sunshine of the orphanage,
Remainder of title a Christmas play for children,
Statement of responsibility, etc. by Ruth Wilson Kelsey.
260 ## - PUBLICATION, DISTRIBUTION, ETC.
Place of publication, distribution, etc. Chicago,
Name of publisher, distributor, etc. The Dramatic Publishing Company
Date of publication, distribution, etc. [c1934]
300 ## - PHYSICAL DESCRIPTION
Extent 33 p.
Other physical details diagr.
Dimensions 19 cm.
650 #0 - SUBJECT ADDED ENTRY--TOPICAL TERM
Topical term or geographic name entry element Christmas plays.

No items available.

Powered by Koha